000 01153nam a2200265Ia 4500
001 270.8-SCh GAL re (13789)
003 IT-MiSPE
008 171229s9999||||xx |||||||||||||| ||und||
040 _aIT-MiSPE
_cIT-MiSPE
041 _aFRANCESE
100 _aGalland di Reigny (Galand de Reigny)
240 _aLibellus proverbiorum
245 0 _aPetit livre de proverbes
250 _a1a ed. (v)
260 _aParis
_bCerf
_c1998
300 _a231 p.
_c20 cm
490 _aSOURCES Chrétiennes
_v436
501 _aEdizioni San Paolo srl - Piazza Soncino, 5 - 20092 CINISELLO BALSAMO (MI) (non commercial uses only) ® Copyright 2018
520 _aAltri autori: Maurice Dumontier, Alexis Grélois. Ed. crit., bilingue
700 _aJean Châtillon
700 _g(traduzione)
942 _cBK
957 _71
999 _a158
_bNO
_g Copie: 1
_c346936
_d346936